| 000 | 00000nam##2200000za#4500 |
| 001 | 9.678322 |
| 003 | CaOODSP |
| 005 | 20250506145324 |
| 007 | ta |
| 008 | 150407|1991||||xxc||||| f|0| 0 fre|d |
| 020 | |a0-662-97091-8 |
| 040 | |aCaOODSP|bfre |
| 043 | |an-cn--- |
| 086 | 1 |aA43-1435/1991F |
| 110 | 1 |aCanada.|bAgriculture Canada. |
| 245 | 10|aRavageurs des légumineuses et des graminées de l'ouest du Canada / |cpar Juliana J. Soroka. |
| 260 | |aOttawa - Ontario : |bAgriculture Canada |c1991. |
| 300 | |a43p. : |bill. en couleur, tableaux ; |c23 cm. |
| 500 | |aSommaire: Tableau récapitulatif des principaux ravageurs.--Lutte intégrée contre les ravageurs des légumineuses et des graminées.--Ravageurs non spécifiques.--Ravageurs de la luzerne.--Ravageurs du mélilot.--Ravageurs du trèfle rouge.--Ravageurs du trèfle blanc et du trèfle alsike.--Ravageurs des graminées.--Autres ravageurs des légumineuses et des graminées.--Insectes utiles.--Précautions relatives à l'usage des insecticides. |
| 563 | |aCouverture souple |
| 590 | |a92-02|b1992-01-10 |
| 720 | 1 |aSoroka, Juliana J. |
| 775 | 08|tInsect pests of legume grass crops in Western Canada / |w(CaOODSP)9.644484 |
| 776 | 0#|tRavageurs des légumineuses et des graminées de l'ouest du Canada / |w(CaOODSP)9.644333 |
| 986 | |aPublication 1435/F |